000 00520nam a22001817a 4500
005 20251108170030.0
008 250721s1993 xx 000 0 ara d
082 1 4 _aط/ق/لين
100 1 _aليندجرين، استريد
245 1 0 _aليلى ترحل من البيت /
264 1 _aاستوكهولم :
_bدار المني،
_c1993.
300 _a63ص
650 1 7 _aالأدب المترجم
650 1 7 _aالروايات
700 1 _aسيف، وليد
_eترجمة
942 _2ddc
_cBK
999 _c37923
_d37923